| 000 | 00825cam a22002413a 4500 | ||
|---|---|---|---|
| 001 | 33076 | ||
| 003 | PGUSA | ||
| 005 | 20140828083721.0 | ||
| 008 | 100704s2010||||xxu|||||s|||||000 | eng d | ||
| 040 |
_aPGUSA _beng |
||
| 042 | _adc | ||
| 050 | 4 | _aBF | |
| 100 | 1 |
_aHilton, Warren, _d1874-1958 |
|
| 245 | 1 | 0 |
_aApplied Psychology : _bDriving Power of Thought : Being the Third in a Series of Twelve Volumes on the Applications of Psychology to the Problems of Personal and Business Efficiency _h[electronic resource] / _cWarren Hilton |
| 260 |
_bProject Gutenberg, _c2010 |
||
| 506 | _aPublic domain in the USA. | ||
| 516 | _aElectronic text | ||
| 653 | _aPsychology, Applied | ||
| 653 | _aEmployees -- Recruiting | ||
| 830 | 0 |
_aProject Gutenberg _v33076 |
|
| 856 | 4 | 0 | _uhttp://www.gutenberg.org/ebooks/33076 |
| 942 | _cEB | ||
| 999 |
_c262331 _d262331 |
||